| 000 | 01225cam a2200277 4500 | ||
|---|---|---|---|
| 001 | ABS62938 | ||
| 008 | 000000n2000 000 0 eng u | ||
| 035 | _a(Sirsi) u108922 | ||
| 100 | _aBingham, T. | ||
| 245 | _aJolly well prove it | ||
| 260 | _c2000 | ||
| 490 |
_aBuilding _v265(8155) 29 September 2000, 51(1) |
||
| 520 | _aReviews Nicholas Carnell's book: "Causation and Delay in Construction Disputes", which is designed as a reference guide for construction people. Recommends the book as a practical guide for those involved in delay claims and how to prove them. Also reviews Powell-Smith's and Furmston's: "A Building Contract Casebook", 3rd edition. Finds this disappointing as the cases considered only run to early 1999. Finally, notes that 44 JCT standard forms are now available on disc from RIBA Publications. These can be purchased via subscription (tel: 020 7251 0791). | ||
| 590 | _aABS | ||
| 650 | _aCONSTRUCTION DISPUTES | ||
| 650 | _aCAUSATION | ||
| 650 | _aDELAY | ||
| 650 | _aBUILT ENVIRONMENT-BUILDING CONTRACT FORMS | ||
| 650 | _aBOOKS | ||
| 650 | _aPUBLICATIONS | ||
| 650 | _aREVIEW | ||
| 650 | _aJCT FORMS | ||
| 650 | _aRIBA | ||
| 690 | _aBUILT ENVIRONMENT | ||
| 942 | _n0 | ||
| 999 |
_c65030 _d65030 |
||